000 00279nam a22000977a 4500
005 20250901165549.0
008 211012b |||||||| |||| 00| 0 eng d
050 _aHF5415. K8 2008
245 _a Principles of marketing
_cKOTLER, PHILIP
942 _2lcc
_hHF5415. K8 2008
999 _c5920
_d5920